[Event "CZE-ch U16"]
[Site "Teplice"]
[Date "2023.03.18"]
[Round "9"]
[White "Mohapl, Tomas"]
[Black "Zezula, Jakub"]
[Result "1/2-1/2"]
[WhiteElo "1946"]
[BlackElo "1963"]
[PlyCount "73"]
[EventDate "2023.03.11"]
[EventType "swiss"]
[EventRounds "9"]
[EventCountry "CZE"]
[SourceTitle "CBM 213 Extra"]
[Source "ChessBase"]
[SourceDate "2023.05.31"]
[SourceVersion "1"]
[SourceVersionDate "2023.05.31"]
[SourceQuality "1"]

1. e4 e5 2. Nf3 Nc6 3. Bb5 a6 4. Ba4 Nf6 5. 0-0 b5 6. Bb3 Bc5 7. c3 d6 8. d4 Bb6 9. h3 Bb7 10. Re1 0-0 11. Bg5 h6 12. Bh4 Re8 13. d5 Nb8 14. Nbd2 Nbd7 15. Nf1 Nf8 16. Bxf6 Qxf6 17. Ng3 Ng6 18. Nh5 Qe7 19. a4 c6 20. Qd3 Nh4 21. dxc6 Bxc6 22. Nxh4 Qxh4 23. Ng3 bxa4 24. Bxa4 Bxa4 25. Rxa4 d5 26. b3 dxe4 27. Raxe4 Qf6 28. Qe2 a5 29. Nh5 Qd6 30. Rxe5 Rxe5 31. Qxe5 Qxe5 32. Rxe5 Rd8 33. Re2 Rd1+ 34. Kh2 Rd3 35. Rc2 Bc7+ 36. Ng3 Be5 37. b4 1/2-1/2

[Event "CZE-ch U16"]
[Site "Teplice"]
[Date "2023.03.17"]
[Round "8"]
[White "Hozda, Max"]
[Black "Zezula, Jakub"]
[Result "1/2-1/2"]
[WhiteElo "2067"]
[BlackElo "1963"]
[PlyCount "66"]
[EventDate "2023.03.11"]
[EventType "swiss"]
[EventRounds "9"]
[EventCountry "CZE"]
[SourceTitle "CBM 213 Extra"]
[Source "ChessBase"]
[SourceDate "2023.05.31"]
[SourceVersion "1"]
[SourceVersionDate "2023.05.31"]
[SourceQuality "1"]

1. Nf3 d5 2. d4 Nf6 3. c4 c6 4. e3 Bg4 5. Nc3 e6 6. h3 Bh5 7. Be2 Nbd7 8. 0-0 Be7 9. b3 0-0 10. Bb2 Ne4 11. Nxe4 dxe4 12. Ne5 Bxe2 13. Qxe2 f5 14. Nxd7 Qxd7 15. Rad1 Rad8 16. a3 Bd6 17. f4 Be7 18. g4 fxg4 19. hxg4 Rf6 20. d5 Rh6 21. d6 Bf6 22. c5 Rg6 23. Rf2 Bxb2 24. Qxb2 Rxg4+ 25. Kf1 Qf7 26. Qc2 Qh5 27. Qxe4 Rh4 28. Qxe6+ Kh8 29. Rdd2 Rh1+ 30. Kg2 Rh2+ 31. Kg3 Qh4+ 32. Kf3 Qh5+ 33. Kg3 Qh4+ 1/2-1/2

[Event "CZE-ch U16"]
[Site "Teplice"]
[Date "2023.03.16"]
[Round "7"]
[White "Zezula, Jakub"]
[Black "Pelc, Adam"]
[Result "0-1"]
[WhiteElo "1963"]
[BlackElo "1871"]
[PlyCount "48"]
[EventDate "2023.03.11"]
[EventType "swiss"]
[EventRounds "9"]
[EventCountry "CZE"]
[SourceTitle "CBM 213 Extra"]
[Source "ChessBase"]
[SourceDate "2023.05.31"]
[SourceVersion "1"]
[SourceVersionDate "2023.05.31"]
[SourceQuality "1"]

1. e4 c6 2. d4 d5 3. f3 e6 4. Nc3 Bb4 5. e5 c5 6. f4 Ne7 7. Nf3 Nf5 8. Bd2 Nc6 9. Ne2 Ne3 10. Qc1 Bxd2+ 11. Qxd2 Nb4 12. c3 Nc4 13. Qd1 Nxb2 14. Qb1 N4d3+ 15. Kd2 Qb6 16. Ke3 Bd7 17. Ng3 Bb5 18. Nd2 cxd4+ 19. cxd4 Rc8 20. Ne2 Ba4 21. Nb3 Bxb3 22. axb3 Qxb3 23. Qa2 Nc4+ 24. Kf3 Ndxe5+ 0-1

[Event "CZE-ch U16"]
[Site "Teplice"]
[Date "2023.03.14"]
[Round "5"]
[White "Zezula, Jakub"]
[Black "Sigut, Ondrej"]
[Result "1-0"]
[WhiteElo "1963"]
[BlackElo "1804"]
[PlyCount "65"]
[EventDate "2023.03.11"]
[EventType "swiss"]
[EventRounds "9"]
[EventCountry "CZE"]
[SourceTitle "CBM 213 Extra"]
[Source "ChessBase"]
[SourceDate "2023.05.31"]
[SourceVersion "1"]
[SourceVersionDate "2023.05.31"]
[SourceQuality "1"]

1. e4 e6 2. d4 d5 3. Nd2 c5 4. exd5 Qxd5 5. Ngf3 cxd4 6. Bc4 Qd6 7. 0-0 Nc6 8. Nb3 Nf6 9. Nbxd4 Nxd4 10. Nxd4 a6 11. Bb3 Qc7 12. Re1 Bd6 13. Nf5 Bxh2+ 14. Kh1 0-0 15. Nxg7 Kxg7 16. Qd4 e5 17. Qh4 Ng4 18. f3 Qd8 19. Bg5 f6 20. Bc1 Bf4 21. Bxf4 exf4 22. Rad1 Qc7 23. fxg4 h6 24. Rd2 b6 25. Rde2 Ra7 26. Re8 Qc5 27. c3 Rc7 28. Qh3 Rxe8 29. Rxe8 Rf7 30. Bxf7 Kxf7 31. Rh8 Qe3 32. Qh5+ Ke7 33. Re8+ 1-0

[Event "CZE-ch U16"]
[Site "Teplice"]
[Date "2023.03.13"]
[Round "4"]
[White "Svoboda, Daniel"]
[Black "Zezula, Jakub"]
[Result "1-0"]
[WhiteElo "1748"]
[BlackElo "1963"]
[PlyCount "105"]
[EventDate "2023.03.11"]
[EventType "swiss"]
[EventRounds "9"]
[EventCountry "CZE"]
[SourceTitle "CBM 213 Extra"]
[Source "ChessBase"]
[SourceDate "2023.05.31"]
[SourceVersion "1"]
[SourceVersionDate "2023.05.31"]
[SourceQuality "1"]

1. e4 e5 2. Nf3 Nc6 3. Nc3 Nf6 4. d4 exd4 5. Nxd4 Bb4 6. Nxc6 bxc6 7. Bd3 d6 8. Bg5 h6 9. Bh4 Be6 10. 0-0 g5 11. Bg3 h5 12. f3 h4 13. Bf2 g4 14. Bd4 g3 15. h3 Bc5 16. Bxc5 dxc5 17. Ba6 Qxd1 18. Raxd1 Rb8 19. b3 Ke7 20. Na4 c4 21. Nb2 cxb3 22. cxb3 Rhd8 23. Bc4 Rxd1 24. Rxd1 Nh5 25. Bxe6 fxe6 26. Nc4 Nf4 27. Ne5 Rb6 28. Rd7+ Ke8 29. Rxc7 Ra6 30. Rc8+ Ke7 31. Nxc6+ Kd7 32. Nb8+ Kxc8 33. Nxa6 Kb7 34. Nb4 Kb6 35. Kf1 Kc5 36. Nc2 a5 37. a3 Nd3 38. b4+ axb4 39. axb4+ Kb6 40. Nd4 Nf4 41. Ne2 Nd3 42. f4 Nxb4 43. Nd4 e5 44. fxe5 Nd3 45. e6 Kc7 46. Ke2 Ne5 47. Nf5 Kd8 48. Nxh4 Ke7 49. Nf5+ Kxe6 50. Nxg3 Ng6 51. Nf5 Nf4+ 52. Kf3 Ke5 53. h4 1-0

[Event "CZE-chT2E 2223"]
[Site "Czech Republic"]
[Date "2022.12.04"]
[Round "4.7"]
[White "Hladik, Josef"]
[Black "Zezula, Jakub"]
[Result "0-1"]
[WhiteElo "2052"]
[BlackElo "1922"]
[PlyCount "68"]
[EventDate "2022.10.16"]
[EventType "team-tourn"]
[EventRounds "11"]
[EventCountry "CZE"]
[SourceTitle "EXT 2024"]
[Source "ChessBase"]
[SourceDate "2023.10.10"]
[SourceVersion "1"]
[SourceVersionDate "2023.10.10"]
[SourceQuality "1"]
[WhiteTeam "Brno VSK Univ"]
[BlackTeam "Namest nad Oslavou"]
[WhiteTeamCountry "CZE"]
[BlackTeamCountry "CZE"]

1. c4 e5 2. g3 Nc6 3. Bg2 d6 4. Nc3 g6 5. e4 Bg7 6. Nge2 Nge7 7. 0-0 0-0 8. d3 f5 9. Nd5 Nxd5 10. cxd5 Ne7 11. Be3 h6 12. Qd2 g5 13. f3 f4 14. Bf2 h5 15. Rac1 Ng6 16. Rc2 g4 17. Be1 Bh6 18. Qc1 Rf7 19. Bd2 h4 20. gxf4 h3 21. Bh1 Nxf4 22. Nxf4 Rxf4 23. Bxf4 Bxf4 24. Qe1 c6 25. dxc6 bxc6 26. Rff2 Ba6 27. fxg4 Qg5 28. Rf3 Rf8 29. Qe2 Bc8 30. Rxc6 Bxg4 31. Kf1 Bxf3 32. Bxf3 Be3 33. Ke1 Qg1+ 34. Qf1 Rxf3 0-1

[Event "CZE-chT2E 2223"]
[Site "Czech Republic"]
[Date "2022.10.16"]
[Round "1.7"]
[White "Balsinek, Pavel"]
[Black "Zezula, Jakub"]
[Result "1/2-1/2"]
[WhiteElo "1979"]
[BlackElo "1922"]
[PlyCount "44"]
[EventDate "2022.10.16"]
[EventType "team-tourn"]
[EventRounds "11"]
[EventCountry "CZE"]
[SourceTitle "EXT 2024"]
[Source "ChessBase"]
[SourceDate "2023.10.10"]
[SourceVersion "1"]
[SourceVersionDate "2023.10.10"]
[SourceQuality "1"]
[WhiteTeam "Prusanky Podluzan"]
[BlackTeam "Namest nad Oslavou"]
[WhiteTeamCountry "CZE"]
[BlackTeamCountry "CZE"]

1. e4 e5 2. Nf3 Nc6 3. Bb5 a6 4. Ba4 Nf6 5. 0-0 b5 6. Bb3 Be7 7. Re1 d6 8. c3 0-0 9. h3 Re8 10. d4 Bb7 11. Nbd2 Bf8 12. d5 Nb8 13. Nf1 h6 14. Ng3 Nbd7 15. Nh2 c6 16. dxc6 Bxc6 17. Ng4 Nxg4 18. Qxg4 Nf6 19. Qf3 d5 20. exd5 Bxd5 21. Bxd5 Qxd5 22. Qxd5 Nxd5 1/2-1/2

[Event "CZE-ch U16"]
[Site "Luhacovice"]
[Date "2022.03.12"]
[Round "1"]
[White "Smolik, Jachym"]
[Black "Zezula, Jakub"]
[Result "1-0"]
[WhiteElo "2277"]
[BlackElo "1891"]
[PlyCount "65"]
[EventDate "2022.03.12"]
[EventType "swiss"]
[EventRounds "9"]
[EventCountry "CZE"]
[SourceTitle "EXT 2023"]
[Source "ChessBase"]
[SourceDate "2022.10.05"]
[SourceVersion "1"]
[SourceVersionDate "2022.10.05"]
[SourceQuality "1"]

1. d4 Nf6 2. c4 e6 3. Nf3 d5 4. Nc3 dxc4 5. e4 Bb4 6. Bxc4 Nxe4 7. 0-0 Nf6 8. Qa4+ Nc6 9. Ne5 Rb8 10. Bb5 Bd7 11. Bg5 a6 12. Bxc6 bxc6 13. Ne4 Be7 14. Nc5 Bxc5 15. dxc5 h6 16. Bxf6 gxf6 17. Nxd7 Qxd7 18. Rad1 Qc8 19. Qxc6+ Ke7 20. Qf3 c6 21. b3 Qc7 22. Rd6 Rbc8 23. Rfd1 Rhd8 24. Qd3 a5 25. Qd4 Rb8 26. h3 Rbc8 27. Rd3 Rb8 28. Qf4 Rb4 29. Qd2 Rbb8 30. Qxh6 a4 31. Qd2 axb3 32. axb3 Ra8 33. g3 1-0

[Event "Ceske Budejovice op-B"]
[Site "Ceske Budejovice"]
[Date "2020.07.07"]
[Round "7"]
[White "Zezula, Matej"]
[Black "Zezula, Jakub"]
[Result "0-1"]
[WhiteElo "1125"]
[BlackElo "1449"]
[PlyCount "68"]
[EventDate "2020.07.01"]
[EventType "swiss"]
[EventRounds "9"]
[EventCountry "CZE"]
[SourceTitle "CBM 197 Extra"]
[Source "ChessBase"]
[SourceDate "2020.09.30"]
[SourceVersion "1"]
[SourceVersionDate "2020.09.30"]
[SourceQuality "1"]

1. e4 d5 2. exd5 Qxd5 3. Nf3 Bg4 4. Be2 Nf6 5. Nc3 Qd6 6. d4 c6 7. Bg5 e6 8. Qd2 Qc7 9. h3 Bh5 10. 0-0-0 Nbd7 11. Rhe1 0-0-0 12. g4 Bg6 13. Bc4 h6 14. Bf4 Bd6 15. Bxd6 Qxd6 16. Nh4 Bh7 17. f4 Nb6 18. Bb3 Rhg8 19. g5 hxg5 20. fxg5 Nfd5 21. Bxd5 exd5 22. b3 Rh8 23. Nf3 f6 24. h4 Rde8 25. Qg2 Qf4+ 26. Kb1 Be4 27. Nxe4 dxe4 28. Nd2 Nd5 29. Kb2 Rxh4 30. Nc4 b5 31. Nd2 Rh2 32. Rxe4 Rxg2 33. Rxe8+ Kd7 34. Re4 Rxd2 0-1

[Event "CZE-chT2D 1819"]
[Site "Czech Republic"]
[Date "2018.11.04"]
[Round "2.8"]
[White "Zezula, Jakub"]
[Black "Kubat, Pavel"]
[Result "0-1"]
[WhiteElo "1070"]
[BlackElo "2003"]
[PlyCount "72"]
[EventDate "2018.10.14"]
[EventType "team-tourn"]
[EventRounds "11"]
[EventCountry "CZE"]
[SourceTitle "EXT 2022"]
[Source "ChessBase"]
[SourceDate "2021.10.06"]
[SourceVersion "1"]
[SourceVersionDate "2021.10.06"]
[SourceQuality "1"]
[WhiteTeam "Namest nad Oslavou"]
[BlackTeam "Orechov"]
[WhiteTeamCountry "CZE"]
[BlackTeamCountry "CZE"]

1. e4 d6 2. Nf3 Nf6 3. Nc3 e5 4. Bc4 Be7 5. 0-0 0-0 6. d3 c6 7. Bb3 Nbd7 8. d4 a5 9. Bc4 b5 10. Bd3 Qc7 11. Ne2 c5 12. dxe5 Nxe5 13. Nxe5 dxe5 14. Bxb5 Nxe4 15. Bd3 Rd8 16. c4 Bb7 17. Qc2 Nf6 18. f3 Qd6 19. Bg5 Qxd3 20. Qd1 h6 21. Qxd3 Rxd3 22. Bh4 Ba6 23. b3 Bb7 24. Bg3 Nh5 25. Bxe5 Re3 26. g4 Rxe5 27. gxh5 Rxe2 28. Rf2 Rxf2 29. Kxf2 Bh4+ 30. Kg2 Rd8 31. Kh3 Bf6 32. Re1 Bxf3 33. a3 Bxh5 34. Re3 Bg6 35. Kg2 Rd2+ 36. Kf1 Rxh2 0-1